00535nam a2200181Ia 4500003000400000005001700004008004100021020002900062040001700091082002200108100003300130245009600163250001100259260002800270300002100298500001900319650001500338IIN20250520112107.0250520s2024 xx ad 001 0 eng d cRs.675.00a9789393885623 aIINbEnglish a610.73 bRAJ1 aRaj, D. Elakkuvana Bhaskara  aTextbook of Nursing Foundation - Ibincluding First Aid Module/cD. Elakkuvana Bhaskara Raj a2nd ed aBangalorebEMMESSc2024 avi, 412 p.bill. aIncludes Index1 aFoundation